000 00236nam a2200121Ia 4500
100 _a#N/A
650 _aComputer/ IT
942 _cBK
654 _aMULTI-BOOT
245 _aMULTI- BOOT UBUNTU 8.10
260 _b#N/A
546 _aENGLISH
999 _c32213
_d32213